| 000 | 00556nam a22002057a 4500 | ||
|---|---|---|---|
| 003 | BD-DhJNU | ||
| 005 | 20250106101153.0 | ||
| 008 | 250106b |||||||| |||| 00| 0 eng d | ||
| 020 | _a9780141013961 | ||
| 040 |
_aBD-DhJNU _bENG _cBD-DhJNU _dBD-DhJNU |
||
| 082 |
_223 _a570.3 |
||
| 100 | _aThain, M. | ||
| 245 |
_aThe penguin dictionary of biology / _cM. Thain, M. Hickman |
||
| 250 | _a11 | ||
| 260 |
_aLondon : _bPenguin Books, _c2004. |
||
| 300 |
_axii, 753 p.: _bill. ; _c20 cm. |
||
| 650 | _aDictionary | ||
| 700 | _aHickman, M. | ||
| 942 |
_2ddc _cBK _n0 |
||
| 999 |
_c1049 _d1049 |
||